| 000 | 00357nam a2200133Ia 4500 | ||
|---|---|---|---|
| 008 | 150202s9999 xx 000 0 und d | ||
| 020 | _a671672886 | ||
| 050 |
_aFIC _bFIC |
||
| 100 | _aWouk, Herman. | ||
| 245 |
_aWar and remembrance / _cHerman Wouk. |
||
| 260 |
_aNew York : _bPocket Books, _c1978. |
||
| 300 |
_a1382 pages : _c18 cm. |
||
| 650 | _aFiction. | ||
| 999 |
_c282472 _d282472 |
||